New Testament times. (Record no. 325)

000 -LEADER
fixed length control field 00741nam a2200205 a 4500
001 - CONTROL NUMBER
control field :::00013478$&:&@@
003 - CONTROL NUMBER IDENTIFIER
control field OkBaRHE
005 - DATE AND TIME OF LATEST TRANSACTION
control field 20100323203750.0
008 - FIXED-LENGTH DATA ELEMENTS--GENERAL INFORMATION
fixed length control field s1984 j 000 0 eng u
040 ## - CATALOGING SOURCE
Transcribing agency
100 1# - MAIN ENTRY--PERSONAL NAME
Personal name Tenney, Merrill C. (Merrill Chapin), 1904-
245 10 - TITLE STATEMENT
Title New Testament times.
260 ## - PUBLICATION, DISTRIBUTION, ETC. (IMPRINT)
Place of publication, distribution, etc Grand Rapids, MI., :
Name of publisher, distributor, etc William B. Eerdmans Publishing Company
Date of publication, distribution, etc 1984
300 ## - PHYSICAL DESCRIPTION
Extent 396 p. : illus. ;
Dimensions 23 cm.
650 ## - SUBJECT ADDED ENTRY--TOPICAL TERM
Topical term or geographic name as entry element Bible New Testament
General subdivision History of Biblical Events
650 ## - SUBJECT ADDED ENTRY--TOPICAL TERM
Topical term or geographic name as entry element Bible New Testament
General subdivision History of Contemporary Events, etc.
650 ## - SUBJECT ADDED ENTRY--TOPICAL TERM
Topical term or geographic name as entry element Bible New Testament
General subdivision Introduction
942 ## - ADDED ENTRY ELEMENTS (KOHA)
Source of classification or shelving scheme
Koha item type Books
Copies
Source of classification or shelving scheme Shelving location Not for loan Date last seen Koha item type Collection code Full call number Withdrawn status Date acquired Permanent Location Damaged status Barcode Price effective from Copy number Lost status
 General Stacks 2018-03-16BooksReferenceBS 2410 .T4 2010-04-14RHEMA Bible Training College 134782010-04-141